Tính toán chính xác kết cấu trên máy tính chương trình ADS-2001

Đã lưu trong:
Sonraí Bibleagrafaíochta
Príomhúdar: Nguyễn Xuân Hùng
Formáid: Leabhar
Teanga:Vietnamese
Foilsithe: Khoa học Kỹ Thuật 2002
Ábhair:
Clibeanna: Cuir Clib Leis
Gan Chlibeanna, Bí ar an gcéad duine leis an taifead seo a chlibeáil!
Thư viện lưu trữ: Mạng thư viện Đại học Đà Nẵng
LEADER 01099nam a2200325 a 4500
001 000001728
003 02233
005 20171229145311.0
008 171229s2002 vie
040 |a LSK 
041 0 |a VIE 
082 0 |a 512.943  |b NG-H 
100 1 |a Nguyễn Xuân Hùng 
245 0 0 |a Tính toán chính xác kết cấu trên máy tính chương trình ADS-2001 
260 |b Khoa học Kỹ Thuật  |c 2002 
300 |a 368 pages  |c 27 cm. 
653 |a Phương pháp tính toán chính xác kết cấu 
653 |a Chương trình ADS-2001 
852 |a Phòng Đọc - Phòng Mượn 
901 |a 20 
927 |a Sách chuyên khảo 
OWN |a LSK 
AVA |a UDN50  |b LSK  |d 512.943 NG-H  |e check_holdings  |t Error 5003 Not defined in file expand_doc_bib_avail.  |h N  |k 1 
999 |a From the UDN01 
AVA |a UDN50  |b LSK  |d 512.943 NG-H  |e available  |t Error 5001 Not defined in file expand_doc_bib_avail.  |f 20  |g 0  |h N  |i 0  |k 1 
TYP |a Monograph 
TYP |a Printed language 
980 |a Mạng thư viện Đại học Đà Nẵng